000 00211nam a2200109Ia 4500
100 _aBARVE/V.R.
942 _cBK
245 _aCOMPLETE TEXTILE ENCYCLOPEDIA
260 _b#N/A
546 _aENGLISH
999 _c26573
_d26573